000 00602cam a22002171 4500
001 sa 66005515
003 DLC
005 20260227112249.0
008 830909s1965 xx 000 0 hin
010 _asa 66005515
035 _a(OCoLC)16763646
040 _aDLC
_cOrPS
_dDLC
050 0 0 _aN33
_b.M27
100 1 _aMarāṭhe, Rāmacandra Vināyaka,
_d1892-
245 1 0 _aIṅgrajī-Marāthī sthāpatya-śilpa-kośa.
260 _c1965.
300 _a2, 6, 290 p.
_billus.
_c26 cm.
500 _aRomanized.
650 0 _aArt
_xDictionaries.
650 0 _aEnglish language
_xDictionaries
_xMarathi.
999 _c69971
_d69971